Statystyki dla Odpowiedź Zaczyna się na "Ć"

Kliknij tutaj aby rozwiązać quiz!

Ogólne statystyki

  • Ten quiz został rozwiązany 8 006 razy
  • Średni wynik to 9 z 15

Statystyki odpowiedzi

Lp.PytanieOdpowiedź% Poprawnych
2Jaką wspólną nazwą określa się gromadę motyli nocnych?Ćmy
98%
6Jakim potocznym sformułowaniem określa się osobę zażywającą narkotyki?Ćpun
94%
8Jaką nazwą określa się mecz lub inną rozgrywkę sportową poprzedzający zmagania w półfinale?Ćwierćfinał
92%
7Jakim potocznym sformułowaniem określa się śpiewanie ptaka?Ćwierkot
92%
5Jak ogółem określa się czynność wykonywaną i powtarzaną danej w celu opanowania jakiejś umiejętności?Ćwiczenie
89%
3Jak inaczej potocznie określa się czerwone buraki?Ćwikła
83%
1Jaką nazwą określa się czwartą część cześć danej nuty?Ćwierćnuta
80%
9Jak pogardliwie określa się mało inteligentnego, nierozgarniętego człowieka?Ćwok
57%
4Jaką nazwą określa się gwóźdź z szeroką główką jak i szewska szpilka drewniana do przybijania podeszew?Ćwiek
54%
15Jak brzmi polska nazwa amerykańskiej monety równej 1/4 dolara?Ćwierćdolarówka
46%
10Jakim czasownikiem można zastąpić sformułowania "słabo świeci", "palenie papierosa"?Ćmienie
42%
11Jaką nazwę nosi miejscowość w województwie Świętokrzyskim słynąca z produkcji porcelany?Ćmielów
25%
14Jak brzmi staropolskie określenie papierosów?Ćmoki
10%
12Jak określa się w sanskrycie ucznia guru?Ćela
2%
13Jaką nazwę nosi wieś w województwie Wielkopolskim w którym w XIX wieku odnaleziono szczątki wioski z epoki brązu?Ćmachowo
2%

Rozkład punktacji

Percentyl według liczby udzielonych odpowiedzi

Procent ludzi z każdym wynikiem

Twoja historia wyników

Nie rozwiązałeś tego quizu